header

The holy land reborn (Record no. 26324)

MARC details
000 -LEADER
fixed length control field 01680nam a2200409 a 4500
082 04 - DEWEY DECIMAL CLASSIFICATION NUMBER
Classification number 294.3/4350954
100 1# - MAIN ENTRY--AUTHOR NAME
Personal name Huber, Toni,
245 14 - TITLE STATEMENT
Title The holy land reborn
260 ## - PUBLICATION, DISTRIBUTION, ETC. (IMPRINT)
Place of publication Chicago :
Name of publisher University of Chicago Press,
Year of publication 2008.
300 ## - PHYSICAL DESCRIPTION
Number of Pages xv, 501 p. :
Other physical details ill., maps.
490 1# - SERIES STATEMENT
Series statement Buddhism and modernity
650 #0 - SUBJECT ADDED ENTRY--TOPICAL TERM
Topical Term Buddhist pilgrims and pilgrimages
Topical Term Buddhist pilgrims and pilgrimages
Topical Term Sacred space
856 40 - ELECTRONIC LOCATION AND ACCESS
Uniform Resource Identifier http://site.ebrary.com/lib/rucke/Doc?id=10266027

No items available.

© 2026 Rongo University
Contact us: librarian | system librarian | Rongo university